Une anglaise á Berlin / (Record no. 34559)

MARC details
000 -LEADER
campo de control de longitud fija 00684nam a2200181 i 4500
001 - NÚMERO DE CONTROL
campo de control 34559
003 - IDENTIFICADOR DE NÚMERO DE CONTROL
campo de control ES-MaACL
005 - FECHA Y HORA DE LA ÚLTIMA TRANSACCIÓN
campo de control 20230906154944.0
007 - CAMPO FIJO DE DESCRIPCIÓN FÍSICA--INFORMACIÓN GENERAL
campo de control de longitud fija t|
008 - DATOS DE LONGITUD FIJA--INFORMACIÓN GENERAL
campo de control de longitud fija 030207s1922 fr ||||1| fre d
100 1# - ENTRADA PRINCIPAL--NOMBRE DE PERSONA
Nombre de persona Bluecher
Títulos y otros términos asociados al nombre Princesse.
9 (RLIN) 29575
245 14 - MENCIÓN DEL TÍTULO
Título Une anglaise á Berlin /
Mención de responsabilidad, etc. notes intimes de la Princesse Bluecher sur les evenements la politique et la vie cotidienne en Allemagne an cours de... 1918 ; traduit par Henriette Cavaignae ; avant propor de Louis Gillet.
260 ## - PUBLICACIÓN, DISTRIBUCIÓN, ETC.
Lugar de publicación, distribución, etc. [S.l. :
Nombre del editor, distribuidor, etc. s.n.,
Fecha de publicación, distribución, etc. 1922] (
Lugar de fabricación/manufactura Lagny :
Fabricante E. Grevin)
300 ## - DESCRIPCIÓN FÍSICA
Extensión 341 p. ;
Dimensiones 23 cm.
700 1# - ENTRADA AGREGADA--NOMBRE PERSONAL
Nombre de persona Cavaignae, Henriette.
9 (RLIN) 37139
700 1# - ENTRADA AGREGADA--NOMBRE PERSONAL
Nombre de persona Gillet, Louis.
9 (RLIN) 56970
852 ## - LOCALIZACIÓN
Ubicación ES-MaACL
Número de control de estantería D-1103
Holdings
Estatus retirado Estado de pérdida Estado de daño No para préstamo Biblioteca de origen Biblioteca actual Ubicación en estantería Fecha de adquisición Fuente de adquisición Total de préstamos Signatura topográfica completa Código de barras Visto por última vez Precio de reemplazo Tipo de ítem Koha
        Biblioteca del Ateneo de Madrid Biblioteca del Ateneo de Madrid Sala Valle Inclán 17/01/2008     D-1103 901036047 23/02/2023 23/02/2023 Libro impreso